The mechanics of deformable bodies : being volume II of Introduction to theoretical physics /

Guardado en:
Autor Principal: Planck, Max, 1858-1947
Formato: Libro
Idioma:English
German
Publicado: [New York] : Macmillan, 1949.
Etiquetas: Agregar Etiqueta
Sin Etiquetas, Sea el primero en etiquetar este registro!
LEADER 00689nam a22001811a 4500
001 MAT.inmabb002511
008 740903s1949####nyua##########001#0#eng##
005 20151116183215.0
245 1 4 |a The mechanics of deformable bodies :  |b being volume II of Introduction to theoretical physics /  |c by Max Planck ; translated by Henry L. Brose. 
260 |a [New York] :  |b Macmillan,  |c 1949. 
300 |a 234 p. :  |b il. ;  |c 21 cm. 
500 |a Traducción de: Einführung in die mechanik deformierbarer Körper. 
100 1 |a Planck, Max,  |d 1858-1947 
084 |a 74-01 (74A05)  |2 MR 
010 |a  51000192  
040 |a DLC  |c TxU-Da  |d DLC 
041 1 |a eng  |h ger 
859 |h 74  |i P711  |p A-8167  |v 2  |3 Vol. 2  |b BIB. MATEMATICA